000 00324nam a2200121Ia 4500
008 240731s9999 xx 000 0 und d
022 _a2051-4549
245 0 _aInternational Journal of Regional and Local History
260 _bRoutledge
856 _uhttps://www.tandfonline.com/loi/yjrl20
942 _2ddc
942 _cTFEJ
999 _c77227
_d77227
945 _a1
_bMadushi Gamage
_c1
_dMadushi Gamage